=LDR 00000nam 2200000 4500 =001 NUTBA000000000005424 =005 20141029151629.0 =006 =007 =008 =020 ##$$a 979-462-880-8 =035 ##$$a 0010-101400000000654 =040 ##$$a NBPDMAT =090 ##$$a 372.83 $b Tan i =100 ##$$a Tantya Hisnu =245 ##$$a Ilmu pengetahuan sosial 4 untuk SD/MI kelas 4/ $c Tantya Hisnu; P. Winardi =260 ##$$a Jakarta : $b Pusat Perbukuan Depdiknast, $c 2008 =300 ##$$a ix, 222 hlm. : $b ilus. ; $c 24 cm. =500 ##$$a Bibliografi : hlm.221 =650 ##$$a Ilmu Pengetahuan Sosial SD - Syudi dan Pengajaran =700 ##$$a P. Winardi =850 ##$$a NBPDMAT =990 ##$$a 0001/BPAP-NTB/20142014 =990 ##$$a 0001/BPAP-NTB/20142014 =990 ##$$a 0001/BPAP-NTB/20142014 =990 ##$$a 0001/BPAP-NTB/20142014 =990 ##$$a 0001/BPAP-NTB/20142014 =990 ##$$a 0001/BPAP-NTB/20142014 =990 ##$$a 0001/BPAP-NTB/20142014 =990 ##$$a 0001/BPAP-NTB/20142014